00763pam a2200241 a 450000100040000000500170000400600040002100700040002500800040002901000170003302000320005004000190008205000230010108200150012410000290013924501360016826000640030430000290036850000200039750400320041765000480044970000240049700020170717103118.0000000000 a 87025606  a0631159711 :c$49.95 (U.S.) aUOELcDLCdDLC00aTS155.6b.E27 198800a670.422191 aEdquist, Charles,d1947-10aFlexible automation :bthe global diffusion of new technology in the engineering industry /cCharles Edquist and Staffan Jacobsson. aOxford, OX, UK ;aNew York, NY, USA :bB. Blackwell,c1988. a227 p. :bill. ;c24 cm. aIncludes index. aBibliography: p. [212]-221. 0aFlexible manufacturing systems.xTechnology1 aJacobsson, Staffan.